000 00770nam a2200253Ia 4500
003 OSt
005 20220923224820.0
006 a|||||r|||| 00| 0
007 ta
008 220922b |||||||| |||| 00| 0 san d
024 _a251,305
037 _cTextual
040 _aARTS
_cARTS
_bsan
041 _2san
_asan
082 _aO15,1D40,3, 152N2
100 _aकालिदास
_9156280
245 0 _aमेघदूतम्
246 _aMeghadūtam
260 _aवाराणसी
_b भारतीय विद्या प्रकाशन
_c1992
300 _a83पृ0
_ccm.
650 _aसंस्कृत साहित्य
942 _hO15,1D40,3, 152N2
_cTEXL
_2CC
999 _c373876
_d373876